[Event "Hessen-ch Seniors op 12th"]
[Site "Bad Sooden-Allendorf"]
[Date "2016.05.06"]
[Round "7"]
[White "Anhalt, Joseph"]
[Black "Koehler, Marianne"]
[Result "0-1"]
[WhiteElo "1528"]
[BlackElo "1648"]
[PlyCount "90"]
[EventDate "2016.04.30"]
[EventType "swiss"]
[EventRounds "9"]
[EventCountry "GER"]
[SourceTitle "EXT 2019"]
[Source "ChessBase"]
[SourceDate "2018.10.10"]
[SourceVersion "1"]
[SourceVersionDate "2018.10.10"]
[SourceQuality "1"]

1. d4 b6 2. Nf3 Bb7 3. e3 c6 4. b3 d5 5. Ba3 Nd7 6. Ng5 g6 7. Qf3 Ngf6 8. Qd1 h6 9. Nf3 Bg7 10. Nbd2 b5 11. Rb1 Qa5 12. Bb2 Qxa2 13. Qc1 Qa5 14. Ra1 Qc7 15. Ba3 a6 16. Bd3 a5 17. c3 Qd8 18. 0-0 0-0 19. Qc2 Re8 20. Nh4 e6 21. Nxg6 fxg6 22. Bxg6 b4 23. Bxe8 Qxe8 24. cxb4 Qh5 25. Rfe1 Qf7 26. Nf3 Ne4 27. Nd2 Qxf2+ 28. Kh1 Qxd2 29. Qxd2 Nxd2 30. Red1 Ne4 31. Ra2 axb4 32. Rda1 bxa3 33. Rxa3 Rxa3 34. Rxa3 Kh7 35. Ra7 Bc8 36. Rc7 e5 37. dxe5 Nxe5 38. Rxc8 Kg6 39. Kg1 Kh5 40. Re8 Ng4 41. Rc8 Nxe3 42. Rxc6 Bd4 43. Kh1 Ng4 44. g3 Ne3 45. Kg1 Nd2 0-1

[Event "Hessen-ch Seniors op 12th"]
[Site "Bad Sooden-Allendorf"]
[Date "2016.05.04"]
[Round "5"]
[White "Anhalt, Joseph"]
[Black "Henniges, Erhard"]
[Result "1/2-1/2"]
[WhiteElo "1528"]
[BlackElo "1601"]
[PlyCount "59"]
[EventDate "2016.04.30"]
[EventType "swiss"]
[EventRounds "9"]
[EventCountry "GER"]
[SourceTitle "EXT 2019"]
[Source "ChessBase"]
[SourceDate "2018.10.10"]
[SourceVersion "1"]
[SourceVersionDate "2018.10.10"]
[SourceQuality "1"]

1. d4 Nf6 2. Nf3 g6 3. e3 Bg7 4. Be2 0-0 5. 0-0 d5 6. Nbd2 Bf5 7. c3 Nbd7 8. Qb3 Nb6 9. Qd1 Rc8 10. Nh4 Bd7 11. c4 c5 12. Nhf3 Ne8 13. Rb1 Bf5 14. Ra1 Qd7 15. b3 cxd4 16. exd4 dxc4 17. Nxc4 Nxc4 18. Bxc4 b5 19. Be2 a6 20. Bb2 Rc2 21. Ba3 Nd6 22. Bd3 Bxd3 23. Qxd3 Rfc8 24. Bb4 Qc6 25. Bd2 Qe4 26. Qxe4 Nxe4 27. Be3 Nc3 28. a4 bxa4 29. bxa4 f5 30. g3 1/2-1/2

[Event "Hessen-ch Seniors op 11th"]
[Site "Bad Sooden-Allendorf"]
[Date "2015.05.17"]
[Round "9"]
[White "Anhalt, Joseph"]
[Black "Pastowski, Werner"]
[Result "0-1"]
[WhiteElo "985"]
[BlackElo "1741"]
[PlyCount "27"]
[EventDate "2015.05.09"]
[EventType "swiss"]
[EventRounds "9"]
[EventCountry "GER"]
[SourceTitle "EXT 2018"]
[Source "ChessBase"]
[SourceDate "2017.10.13"]
[SourceVersion "1"]
[SourceVersionDate "2017.10.13"]
[SourceQuality "1"]

1. d4 d5 2. Nf3 Nf6 3. e3 Bg4 4. b3 e6 5. a3 Be7 6. Be2 Nbd7 7. h3 Bh5 8. Bb2 c6 9. Nbd2 h6 10. Bd3 Qc7 11. c4 Qa5 12. 0-0 0-0 13. Re1 Bd6 14. Qc2 0-1

[Event "Hessen-ch Seniors op 11th"]
[Site "Bad Sooden-Allendorf"]
[Date "2015.05.10"]
[Round "2"]
[White "Anhalt, Joseph"]
[Black "Strozewski, Guenter"]
[Result "0-1"]
[WhiteElo "985"]
[BlackElo "1807"]
[PlyCount "69"]
[EventDate "2015.05.09"]
[EventType "swiss"]
[EventRounds "9"]
[EventCountry "GER"]
[SourceTitle "EXT 2018"]
[Source "ChessBase"]
[SourceDate "2017.10.13"]
[SourceVersion "1"]
[SourceVersionDate "2017.10.13"]
[SourceQuality "1"]

1. d4 e6 2. Nf3 Nf6 3. e3 b6 4. Be2 Bb7 5. 0-0 c5 6. c4 Nc6 7. Nc3 d5 8. a3 a6 9. Re1 Bd6 10. Qc2 0-0 11. cxd5 exd5 12. b3 Qc7 13. Bd3 h6 14. h3 Rfe8 15. Bb2 b5 16. Re2 c4 17. bxc4 dxc4 18. Be4 Nxe4 19. Nxe4 Rad8 20. Nxd6 Rxd6 21. Nh4 Ne7 22. e4 Bc8 23. Rae1 Ng6 24. Nxg6 Rxg6 25. g4 h5 26. f3 Qg3+ 27. Rg2 Qxe1+ 28. Kh2 Qh4 29. Qf2 Qxf2 30. Rxf2 hxg4 31. hxg4 Rh6+ 32. Kg3 Rh1 33. Kg2 Rh4 34. Kg3 Rh6 35. Kg2 0-1